00716nam a2200241 a 4500001001300000003000900013005001700022008004100039020000800080082001300088100002200101245008100123260005100204300000900255500003500264505001300299650001300312700002200325902000800347942000700355952009500362999001700457nice12345678IN_TiNIC20260116015250.0050805s1929 lona grp 000 0 eng  ac000a230bFAR aFarmer, Herbert H aExperience of Godb a Brief Enquiry into the Grounds of Christian Conviction aLondonbStudent Christian Movement Pressc1929 a219p aincludes index and biblioraphy2 aAppendix aTheology1 aFarmer, Herbert H bSRS cBK 00104070aHMIbHMId2005-08-05g0.00l0o230 FARp11001364r2005-08-05w2026-01-16yARB c18981d18981